000 00287nam a2200121Ia 4500
008 220216s9999 xx 000 0 und d
100 _aKpolo D Mapri
245 0 _aINRO at a deadlock
260 _bRubber International Magazine
_c1999
300 _a43-46
650 _aINRO
942 _cJS
999 _c61437
_d61437